[Event "Ibague op"]
[Site "Ibague"]
[Date "2021.10.24"]
[Round "9"]
[White "Trujillo Quesada, Harlinson"]
[Black "Gomez Leon, Sebastian"]
[Result "1-0"]
[WhiteElo "1960"]
[BlackElo "1500"]
[PlyCount "67"]
[EventDate "2021.10.20"]
[EventType "swiss"]
[EventRounds "9"]
[EventCountry "COL"]
[SourceTitle "CBM 204 Extra"]
[Source "ChessBase"]
[SourceDate "2021.11.30"]
[SourceVersion "1"]
[SourceVersionDate "2021.11.30"]
[SourceQuality "1"]

1. d4 d5 2. Nf3 g6 3. h4 Nf6 4. Bf4 Bg7 5. e3 0-0 6. c4 c5 7. Nc3 Qa5 8. Qa4 Qxa4 9. Nxa4 cxd4 10. exd4 dxc4 11. Bxc4 Bg4 12. Ne5 Nbd7 13. f3 Nxe5 14. dxe5 Nh5 15. Bh2 Be6 16. Bxe6 fxe6 17. Nc5 Nf4 18. Bxf4 Rxf4 19. Nxe6 Rc4 20. f4 Bh6 21. g3 Re4+ 22. Kf2 Rc8 23. Rac1 Rec4 24. Rxc4 Rxc4 25. Re1 Kf7 26. Nd8+ Ke8 27. Nxb7 Rb4 28. Nc5 Rxb2+ 29. Re2 Rb5 30. Rc2 Kf7 31. Kf3 e6 32. Ne4 Bf8 33. Rc7+ Be7 34. Nd6+ 1-0

[Event "Soacha op-B"]
[Site "Soacha"]
[Date "2021.09.12"]
[Round "8"]
[White "Gomez Leon, Sebastian"]
[Black "Castaneda Lizarazo, Duvan"]
[Result "1-0"]
[WhiteElo "1403"]
[BlackElo "1793"]
[PlyCount "81"]
[EventDate "2021.09.08"]
[EventType "swiss"]
[EventRounds "9"]
[EventCountry "COL"]
[SourceTitle "CBM 204 Extra"]
[Source "ChessBase"]
[SourceDate "2021.11.30"]
[SourceVersion "1"]
[SourceVersionDate "2021.11.30"]
[SourceQuality "1"]

1. e4 e6 2. d4 d5 3. e5 c5 4. c3 Nc6 5. Nf3 Qb6 6. Be2 Nge7 7. dxc5 Qxc5 8. Be3 Qa5 9. 0-0 Nf5 10. Bf4 Be7 11. Bd3 0-0 12. Nbd2 Qc7 13. g4 Nh4 14. Nxh4 Bxh4 15. g5 Ne7 16. Qh5 Ng6 17. Bxg6 Bxf2+ 18. Rxf2 fxg6 19. Qh4 Bd7 20. Nb3 Rf5 21. Nd4 Rf7 22. Raf1 Raf8 23. Rf3 Qc4 24. b3 Qa6 25. R1f2 Qa3 26. Rh3 h5 27. gxh6 Rxf4 28. Qxf4 Rxf4 29. h7+ Kh8 30. Rxf4 Qc1+ 31. Rf1 Qg5+ 32. Kh1 Qe7 33. Ne2 Bb5 34. Nf4 Be8 35. Nxe6 Bf7 36. Ng5 Qxg5 37. Rxf7 Qc1+ 38. Kg2 Qg5+ 39. Rg3 Qd2+ 40. Rf2 Qe1 41. Rf8+ 1-0

[Event "Soacha op-B"]
[Site "Soacha"]
[Date "2021.09.09"]
[Round "3"]
[White "Gomez Leon, Sebastian"]
[Black "Diaz, Richard"]
[Result "0-1"]
[WhiteElo "1403"]
[BlackElo "1776"]
[PlyCount "88"]
[EventDate "2021.09.08"]
[EventType "swiss"]
[EventRounds "9"]
[EventCountry "COL"]
[SourceTitle "CBM 204 Extra"]
[Source "ChessBase"]
[SourceDate "2021.11.30"]
[SourceVersion "1"]
[SourceVersionDate "2021.11.30"]
[SourceQuality "1"]

1. e4 c6 2. d4 d5 3. e5 c5 4. c3 Nc6 5. Nf3 Bg4 6. Bb5 a6 7. Bxc6+ bxc6 8. Qa4 Qc7 9. Nh4 Bd7 10. Qc2 e6 11. 0-0 Ne7 12. Nd2 Ng6 13. Nxg6 hxg6 14. Nf3 Rc8 15. Qd3 Qb7 16. Ng5 Be7 17. Re1 cxd4 18. cxd4 c5 19. dxc5 Rxc5 20. Qf3 Bxg5 21. Bxg5 Qxb2 22. Reb1 Qxe5 23. Bf4 Qc3 24. Rb8+ Bc8 25. Qxc3 Rxc3 26. Be5 Rc6 27. Bxg7 Rh4 28. g3 Rhc4 29. Kg2 Ke7 30. Bb2 f6 31. Rd1 Kd7 32. Bxf6 Kd6 33. Rb3 e5 34. Re3 e4 35. a3 Bg4 36. Rd2 Bf3+ 37. Kh3 Rc7 38. g4 Rc1 39. Rxf3 exf3 40. Rd3 Rh7+ 41. Kg3 Rg1+ 42. Kf4 Rxh2 43. Rxf3 Rhg2 44. Rg3 Rxf2+ 0-1

[Event "COL-ch U17"]
[Site "Bogota"]
[Date "2019.12.06"]
[Round "1.5"]
[White "Gomez Leon, Sebastian"]
[Black "Pacheco Pena, Juan Carlos"]
[Result "1-0"]
[WhiteElo "1437"]
[BlackElo "1543"]
[PlyCount "51"]
[EventDate "2019.12.06"]
[EventType "swiss"]
[EventRounds "6"]
[EventCountry "COL"]
[SourceTitle "EXT 2024"]
[Source "ChessBase"]
[SourceDate "2023.10.10"]
[SourceVersion "1"]
[SourceVersionDate "2023.10.10"]
[SourceQuality "1"]

1. d4 d5 2. Nf3 Nf6 3. Bf4 Bf5 4. e3 e6 5. Nbd2 c5 6. Bxb8 Qxb8 7. Bb5+ Kd8 8. Ne5 Bg6 9. 0-0 Bd6 10. f4 cxd4 11. exd4 a6 12. Be2 Qc7 13. c4 Bxe5 14. fxe5 Ne4 15. cxd5 exd5 16. Nxe4 dxe4 17. Bh5 Ke7 18. Bxg6 hxg6 19. Qb3 f6 20. Rac1 Qd7 21. Qb6 Rac8 22. exf6+ Ke8 23. fxg7 Rg8 24. Qxg6+ Kd8 25. Rf8+ Ke7 26. Qf6# 1-0

[Event "COL-ch sf3 U18"]
[Site "Bogota"]
[Date "2019.06.06"]
[Round "1.7"]
[White "Pinillo Canon, Silvana"]
[Black "Gomez Leon, Sebastian"]
[Result "1-0"]
[WhiteElo "1774"]
[BlackElo "1501"]
[PlyCount "39"]
[EventDate "2019.06.06"]
[EventType "swiss"]
[EventRounds "6"]
[EventCountry "COL"]
[SourceTitle "EXT 2024"]
[Source "ChessBase"]
[SourceDate "2023.10.10"]
[SourceVersion "1"]
[SourceVersionDate "2023.10.10"]
[SourceQuality "1"]

1. e4 e5 2. Nf3 Nf6 3. Nxe5 Qe7 4. d4 d6 5. Nf3 Nxe4 6. Be2 d5 7. 0-0 Be6 8. Nc3 h6 9. Re1 Nxc3 10. bxc3 Nd7 11. c4 0-0-0 12. cxd5 Bxd5 13. c4 Bxf3 14. Bxf3 Qb4 15. Bf4 c6 16. Qc2 g6 17. Rab1 Qa5 18. Qb3 Qb6 19. Qa4 Qxd4 20. Bxc6 1-0

[Event "COL-ch"]
[Site "Bogota"]
[Date "2018.11.10"]
[Round "7"]
[White "Guerrero, Hernando"]
[Black "Gomez Leon, Sebastian"]
[Result "1-0"]
[WhiteElo "1820"]
[BlackElo "1484"]
[PlyCount "23"]
[EventDate "2018.11.06"]
[EventType "swiss"]
[EventRounds "9"]
[EventCountry "COL"]
[SourceTitle "CBM 187 Extra"]
[Source "ChessBase"]
[SourceDate "2018.11.04"]
[SourceVersion "1"]
[SourceVersionDate "2018.11.04"]
[SourceQuality "1"]

1. e4 e5 2. Nf3 Nf6 3. d4 Nxe4 4. Nxe5 d5 5. Bd3 f6 6. Qh5+ Ke7 7. Qf7+ Kd6 8. Bxe4 Be6 9. Qh5 fxe5 10. Qxe5+ Ke7 11. Bxd5 Qxd5 12. Be3 1-0

[Event "COL-ch U1800"]
[Site "Moniquira"]
[Date "2018.07.21"]
[Round "4"]
[White "Gomez Leon, Sebastian"]
[Black "Zambrano Vargas, Jesus Andres"]
[Result "0-1"]
[WhiteElo "1458"]
[BlackElo "1643"]
[PlyCount "54"]
[EventDate "2018.07.19"]
[EventType "swiss"]
[EventRounds "7"]
[EventCountry "COL"]
[SourceTitle "CBM 187 Extra"]
[Source "ChessBase"]
[SourceDate "2018.11.04"]
[SourceVersion "1"]
[SourceVersionDate "2018.11.04"]
[SourceQuality "1"]

1. d4 Nf6 2. Nf3 d5 3. Bf4 Bf5 4. e3 e6 5. Nbd2 c5 6. c3 Qb6 7. Qc1 Nc6 8. h3 cxd4 9. exd4 Rc8 10. a3 Ne4 11. Nxe4 dxe4 12. Nh4 Nxd4 13. Be3 Bc5 14. Bxd4 Bxd4 15. Qd2 Qxb2 16. Qxb2 Bxc3+ 17. Qxc3 Rxc3 18. Bb5+ Ke7 19. Nxf5+ exf5 20. 0-0 a6 21. Be2 Rhc8 22. Rfb1 R8c7 23. a4 Rc2 24. Bd1 Rd2 25. Bb3 Rc3 26. Ra2 Rxb3 27. Rxd2 Rxb1+ 0-1

[Event "Tunja Liga Boyaca"]
[Site "Tunja"]
[Date "2017.12.17"]
[Round "7.34"]
[White "Mesa Caceres, Anselmo"]
[Black "Gomez Leon, Sebastian"]
[Result "0-1"]
[WhiteElo "1600"]
[BlackElo "1494"]
[PlyCount "62"]
[EventDate "2017.12.14"]
[EventType "swiss"]
[EventRounds "7"]
[EventCountry "COL"]
[SourceTitle "EXT 2024"]
[Source "ChessBase"]
[SourceDate "2023.10.10"]
[SourceVersion "1"]
[SourceVersionDate "2023.10.10"]
[SourceQuality "1"]

1. d4 d5 2. e3 Nf6 3. Nf3 Bg4 4. Be2 e6 5. c3 Nbd7 6. Nbd2 Bd6 7. h3 Bf5 8. 0-0 c5 9. Bb5 0-0 10. Bxd7 Qxd7 11. dxc5 Bxc5 12. Nd4 Bg6 13. N2f3 Rac8 14. Ne5 Qd6 15. Nxg6 fxg6 16. a4 a6 17. Bd2 Bb6 18. Be1 Bc7 19. f4 Ne4 20. Qg4 Rce8 21. h4 e5 22. Ne2 Qb6 23. Bf2 Rf7 24. b4 Ref8 25. a5 Qa7 26. Qe6 exf4 27. exf4 Nxf2 28. Rxf2 b6 29. Qxd5 b5 30. g3 Kh8 31. Kg2 Rf6 0-1

[Event "COL-ch sf2 U18 m"]
[Site "Bogota"]
[Date "2016.05.19"]
[Round "1.6"]
[White "Gomez Leon, Sebastian"]
[Black "Ribero, Guillermo Andres"]
[Result "0-1"]
[WhiteElo "1456"]
[BlackElo "1837"]
[PlyCount "56"]
[EventDate "2016.05.19"]
[EventType "swiss"]
[EventRounds "6"]
[EventCountry "COL"]
[SourceTitle "EXT 2024"]
[Source "ChessBase"]
[SourceDate "2023.10.10"]
[SourceVersion "1"]
[SourceVersionDate "2023.10.10"]
[SourceQuality "1"]

1. d4 Nf6 2. Nc3 c5 3. d5 d6 4. e4 g6 5. f3 Bg7 6. g4 a6 7. h4 h5 8. g5 Nfd7 9. Nge2 b5 10. Ng3 Qa5 11. Bd2 b4 12. Nce2 Bxb2 13. Rb1 Qxa2 14. Nc1 Qxb1 15. f4 a5 16. f5 a4 17. fxg6 fxg6 18. Bd3 0-0 19. c3 Qa1 20. Nxh5 Ne5 21. Nf4 Bxc1 22. Bxc1 Rxf4 23. Bxf4 Nxd3+ 24. Kd2 Qxc3+ 25. Ke2 Nxf4+ 26. Kf1 Qd3+ 27. Qxd3 Nxd3 28. Ke2 Ne5 0-1